000 00634nam a2200277Ia 4500
005 20260324140129.0
008 008 260324s9999 xx 000 0 eng d
020 _a9780203980095
037 _aEBOOK
040 _aCRL
040 _beng
040 _cCRL
041 _2eng
041 _aeng
084 _qCRL
100 _aAndrew J. Baird; Robert L. Wilby
_91203244
245 0 _aEco-Hydrology
260 _bTaylor and Francis
260 _c1999
365 _a
365 _b195
856 _uhttp://www.taylorfrancis.com/books/9780203980095
942 _cEBOOK
999 _c1804970
_d1804970